000
00232nam a2200109Ia 4500
999
_c
6703
_d
6703
020
_a
978-0134670959
100
_a
William Stallings
245
0
_a
Operating Systems
260
_a
New York
_b
Pearson
_c
1998
300
_a
682
942
_c
BK